00399nam a22001455a 450000500170000001000170001702000260003403500170006008200150007710000140009224500690010626000430017530000220021850000130024020180412155224.0 aB-690768-769 a9788170492375c495.00 aB-690768-769 a954.035092 aDhar Anuj aBack from dead :cby Anuj Dharbinside the Subhas Bose mystery / aNew Delhi :bManas Publications,c2014 a400p. ;c22cm(Hb) aBalidani